| 000 | 00733nam a2200229 a 4500 | ||
|---|---|---|---|
| 999 |
_c11558 _d11558 |
||
| 001 | 11558 | ||
| 003 | BD-JhCC | ||
| 005 | 20200811134007.0 | ||
| 008 | 200329r19722018bg |||| ||a| 001 0 ben d | ||
| 020 | _a9840755943 | ||
| 035 | _a(BD-JhCC)11558 | ||
| 040 |
_aBD-JhCC _dBD-JhCC |
||
| 041 | _aben | ||
| 082 |
_a953 _bKAR 2018 |
||
| 100 | _aকরীম, মুহম্মাদ রেজা-ই | ||
| 245 |
_aআরব জাতির ইতিহাস / _cমুহম্মাদ রেজা-ই-করীম । |
||
| 260 |
_aঢাকা: _bবাংলা একাডেমী; _c২০১৮. |
||
| 300 |
_a422 p. : _c23 cm |
||
| 650 |
_aIslamic Empire _xIslam _zArab countries |
||
| 942 |
_2ddc _cBK _01 |
||